<?xml version="1.0" encoding="UTF-8"?>
<record
    xmlns:xsi="http://www.w3.org/2001/XMLSchema-instance"
    xsi:schemaLocation="http://www.loc.gov/MARC21/slim http://www.loc.gov/standards/marcxml/schema/MARC21slim.xsd"
    xmlns="http://www.loc.gov/MARC21/slim">

  <leader>03158cab a2200325Ia 45 0</leader>
  <controlfield tag="001">u202700</controlfield>
  <controlfield tag="003">SIRSI</controlfield>
  <controlfield tag="008">121004s2009    ua     ss b         eng d</controlfield>
  <datafield tag="040" ind1=" " ind2=" ">
    <subfield code="a">EAL</subfield>
  </datafield>
  <datafield tag="041" ind1=" " ind2=" ">
    <subfield code="a">eng</subfield>
    <subfield code="b">ara</subfield>
  </datafield>
  <datafield tag="090" ind1=" " ind2=" ">
    <subfield code="a">ART JARKU V35 No4 7</subfield>
  </datafield>
  <datafield tag="100" ind1="1" ind2=" ">
    <subfield code="a">Aowad, Mohamed Morsy</subfield>
  </datafield>
  <datafield tag="240" ind1="1" ind2="0">
    <subfield code="a">Journal of agricultural research Kafrelsheikh Univeristy, 2009 v. 35 (4)</subfield>
    <subfield code="h">[electronic resource].</subfield>
  </datafield>
  <datafield tag="245" ind1="1" ind2="4">
    <subfield code="a">The effect of bio, organic and mineral fertilization on productivity of sunflower seed and oil yields</subfield>
    <subfield code="h">[electronic resource].</subfield>
  </datafield>
  <datafield tag="246" ind1="1" ind2="5">
    <subfield code="a">&#x62F;&#x631;&#x627;&#x633;&#x629; &#x62A;&#x623;&#x62B;&#x64A;&#x631; &#x627;&#x644;&#x62A;&#x633;&#x645;&#x64A;&#x62F; &#x627;&#x644;&#x639;&#x636;&#x648;&#x649; &#x648;&#x627;&#x644;&#x62D;&#x64A;&#x648;&#x649; &#x648;&#x627;&#x644;&#x645;&#x639;&#x62F;&#x646;&#x649; &#x639;&#x644;&#x649; &#x625;&#x646;&#x62A;&#x627;&#x62C;&#x64A;&#x629; &#x628;&#x630;&#x631;&#x629; &#x648;&#x632;&#x64A;&#x62A; &#x62F;&#x648;&#x627;&#x631; &#x627;&#x644;&#x634;&#x645;&#x633;.</subfield>
  </datafield>
  <datafield tag="300" ind1=" " ind2=" ">
    <subfield code="a">P. 1013-1028.</subfield>
  </datafield>
  <datafield tag="504" ind1=" " ind2=" ">
    <subfield code="a">Includes references.</subfield>
  </datafield>
  <datafield tag="520" ind1=" " ind2=" ">
    <subfield code="a">Two field experiments were conducted out at the experimental farm of Sakha agricultural research station, Kafr El-Sheikh, the experiments were conducted to study the effect of bio, organic and mineral fertilizers on seed and oil yields of sunflower through inoculation with biological nitrogen fixation (BNF) as a bacteria in form of (rhizobacterine or microbine inoculation), farm yard manure.(FYM) as organic source at rate of 20 and 30 m3 /fed.and mineral nitrogen fertilizer. A randomized complete block design with four replication was used. The obtained results could be summarized as follows: The bio, organic, mineral fertilizers and their combinations significantly affected growth analysis and som growth attributes such (dry matter accumulation Iplant and leaf area index), some agronomic characters such (stem diameter, head diameter and plant height) as well as yeild and its components such (100 seed weight, seed yeild /fed., oil percentage and oil yeild) in 2007 and 2008 seasons. Application of organic manure at the rate of 30 m3 /fed. FYM with 30 kgN/fed. as mineral fertilizers recorded the hieghest values of dry matter accumulation /plant, leaf area index, stem diameter, head diameter, plant height, 100 seed weight, seed oil content as well as seed and oil yeilds Ifed. Sunflower plants, which received 20 or 30 m3 FYM with biofertilizers as mixture of Microbin and Rizobacterine were among those having great dry matter accumulation Iplant, leaf area index, stem diameter, head diameter, plant height, 100 seed weight, seed oil content as well as seed and oil yeilds /fed. compared with those received 30 Kg N/fed. In both seasons. - Application of FYM alone at the rate of 20 or 30 m3 was less effect on growth analysis and growth. attributes, agronomic characters as well as yeild and its components than applying mineral nitrogen alone or combined with them.</subfield>
  </datafield>
  <datafield tag="546" ind1=" " ind2=" ">
    <subfield code="a">Summary in Arabic.</subfield>
  </datafield>
  <datafield tag="650" ind1=" " ind2="0">
    <subfield code="a">Sunflower seed oil.</subfield>
  </datafield>
  <datafield tag="650" ind1=" " ind2="0">
    <subfield code="a">Sunflowers</subfield>
    <subfield code="x">Fertilizers.</subfield>
  </datafield>
  <datafield tag="650" ind1=" " ind2="0">
    <subfield code="a">Organic fertilizers.</subfield>
  </datafield>
  <datafield tag="650" ind1=" " ind2="0">
    <subfield code="a">Sunflowers</subfield>
    <subfield code="x">Yields.</subfield>
  </datafield>
  <datafield tag="650" ind1=" " ind2="0">
    <subfield code="a">Biofertilizers.</subfield>
  </datafield>
  <datafield tag="650" ind1=" " ind2="3">
    <subfield code="a">Mineral fertilizers.</subfield>
  </datafield>
  <datafield tag="700" ind1="1" ind2=" ">
    <subfield code="a">Mohamed, Ayman A. A.</subfield>
  </datafield>
  <datafield tag="773" ind1="0" ind2=" ">
    <subfield code="t">Journal of Agricultural Research Kafrelsheikh Univeristy. </subfield>
    <subfield code="g">2009.v.35(4)</subfield>
    <subfield code="x">1110-032X</subfield>
    <subfield code="7">nnas</subfield>
    <subfield code="w">u191359</subfield>
  </datafield>
  <datafield tag="856" ind1="4" ind2="0">
    <subfield code="u">http://nile.enal.sci.eg/EALE/2009/JARKU/3509/4/1013.pdf</subfield>
    <subfield code="z">Full Text Article</subfield>
  </datafield>
  <datafield tag="596" ind1=" " ind2=" ">
    <subfield code="a">1</subfield>
  </datafield>
  <datafield tag="942" ind1=" " ind2=" ">
    <subfield code="c">AR</subfield>
    <subfield code="2">lcc</subfield>
  </datafield>
  <datafield tag="999" ind1=" " ind2=" ">
    <subfield code="c">54550</subfield>
    <subfield code="d">54550</subfield>
  </datafield>
</record>
